000 00343nam a22001577a 4500
020 _a978-93-86476-11-1
082 _a823
_bPEP/S
100 _aSTERLING
245 _aPEPPER
_bGOES TO THE DOCTOR
246 _aPEPPER
260 _aDELHI
_bSTERLING
_c2017
300 _a12
520 _aCLASSIC WORKS
650 _aCLASSIC WORKS
942 _cBK
999 _c2182
_d2182